KAFA AÇAN ÖYKÜLER (Record no. 832937)

MARC details
000 -LEADER
sabit uzunluktaki kontrol alanı 00244nam a2200097Ia 4500
001 - KONTROL NUMARASI
kontrol alanı 832937
005 - EN SON İŞLEMİN TARİH VE ZAMANI
kontrol alanı 20250826172405.0
008 - SABİT-UZUNLUKTA VERİ ÖĞELERİ--GENEL BİLGİ
sabit uzunluktaki kontrol alanı 250824s9999 xx 000 0 und d
245 #0 - ESER / YAZAR
ESER ADI KAFA AÇAN ÖYKÜLER
Yazar Adı EBRU ALEMDAĞ
260 ## - YAYIN, DAĞITIM, VB.
YAYIN EVİ ACAYİP YAYINLARI
Holdings
Düşüm durumu Kayıp durumu Hasar Durumu Ödünç verilmez Ana kütüphane Geçerli Kütüphane Edinilen tarih Toplam ödünç verme sayısı Barkod Son görüntüleme tarihi Son ödünç verme tarihi Fiyatın geçerli olmaya başladığı tarih Koha materyal türü
        ŞEHİT MUSTAFA ÇUHADAR ORTAOKULU ŞEHİT MUSTAFA ÇUHADAR ORTAOKULU 24.08.2025 1 1054679 19.11.2025 31.10.2025 26.08.2025 Books